Prácticas comunicativas en el aula. Manual del comentario de texto.

Gespeichert in:
Bibliographische Detailangaben
1. Verfasser: Vargas Sandoval, Patricia (autora)
Format: Buch
Veröffentlicht: Valparaíso, Chile: Ediciones Universitarias de Valparaíso, 2019.
Schlagworte:
Tags: Tag hinzufügen
Keine Tags, Fügen Sie den ersten Tag hinzu!

MARC

LEADER 00000nam a22000007a 4500
003 CL-VaPUC
005 20230809105225.0
008 220817t2019 ||||| |||| 00| 0 eng d
999 |c 438347  |d 438345 
020 |a 978-956-17-0844-0 
040 |c Pontificia Universidad Católica de Valparaíso 
082 |2 22  |a 372.64 VAR 2019 
100 |a Vargas Sandoval, Patricia  |9 783399  |e autora 
245 |a Prácticas comunicativas en el aula.  |b Manual del comentario de texto. 
260 |a Valparaíso, Chile:  |b Ediciones Universitarias de Valparaíso,  |c 2019. 
300 |a 347 páginas. 
500 |a c.1-c.3. Donación Profesora Patricia Vargas Sandoval. Memo EDU -16/2022 
583 |c 20220817  |k Catalogador Asistente 
650 0 |9 651574  |a Apreciación literaria   |x Métodos de enseñanza  
650 0 |9 875996  |a Comentarios lingüísticos  |x Educación comunicativa  
650 0 |9 477196  |a Textos literarios  |x Enseñanza y aprendizaje  
650 0 |a Competencia comunicativa  |x Enseñanza del lenguaje   |9 875997 
942 |2 ddc  |c BK 
952 |0 0  |1 0  |2 ddc  |4 0  |6 372_640000000000000_VAR_2019  |7 0  |8 A  |9 586256  |a BIBEDU  |b BIBEDU  |c GEN  |d 2022-08-17  |e Donación  |i 5654207  |o 372.64 VAR 2019  |p 5654207  |r 2022-08-17  |t 1  |w 2022-08-17  |y BK  |k LIT 
952 |0 0  |1 0  |2 ddc  |4 0  |6 372_640000000000000_VAR_2019  |7 0  |8 A  |9 586257  |a BIBEDU  |b BIBEDU  |c GEN  |d 2022-08-17  |e Donación  |i 5654208  |o 372.64 VAR 2019  |p 5654208  |r 2022-10-03  |t 2  |w 2022-08-17  |y BK  |k LIT 
952 |0 0  |1 0  |2 ddc  |4 0  |6 372_640000000000000_VAR_2019  |7 0  |8 A  |9 586258  |a BIBEDU  |b BIBEDU  |c GEN  |d 2022-08-17  |e Donación  |i 5654209  |l 1  |o 372.64 VAR 2019  |p 5654209  |r 2024-05-08  |s 2024-04-19  |t 3  |w 2022-08-17  |y BK  |k LIT